| 000 | 00838nam a2200265 a 4500 | ||
|---|---|---|---|
| 005 | 20240910064250.0 | ||
| 008 | 991125m19751996es 000 0 spa u | ||
| 020 | _a8471121565 | ||
| 035 | _aUPN01000004131 | ||
| 040 |
_aUPN _bspa _cUPN |
||
| 049 | _aCG | ||
| 050 | 4 |
_aBF721 _bI5.2 |
|
| 100 | 1 |
_aInhelder, Bärbel, _d1913-1997 _928563 |
|
| 245 | 1 | 0 |
_aAprendizaje y estructuras del conocimiento / _cBarbel Inhelder, Hermine Sinclair, Magali Bovel ; pról. J. Piaget ; tr. Luis Echeverría Rivera. |
| 260 |
_aMadrid : _bMorata, _c1975 (1996 impr.). |
||
| 300 | _a351 p. | ||
| 440 | 0 | _aPedagogía | |
| 650 | 4 |
_aAprendizaje _92861 |
|
| 650 | 2 |
_aConocimiento _910221 |
|
| 650 | 4 |
_aPsicología genética _94967 |
|
| 700 | 1 |
_aSinclair, Hermine _ecoaut. _944189 |
|
| 700 | 1 |
_aBovet, Magali, _ecoaut. |
|
| 905 | _aLibro | ||
| 942 |
_2lcc _cLIBRO |
||
| 999 |
_c4131 _d4131 |
||